| 000 | 00539nab a2200145 4500 | ||
|---|---|---|---|
| 003 | ES-SlBCS | ||
| 005 | 20210327224353.0 | ||
| 008 | 140521s2013 sp ||||| |||| 00| 0 spa d | ||
| 040 |
_aES-SlBCS _bspa |
||
| 100 | 1 | 0 |
_aIguíñiz Echeverría, Javier María _966892 |
| 245 | 1 | 0 |
_aAproximación a los derechos humanos y la pobreza desde el enfoque de las capacidades _cJavier María Iguíñiz Echeverría |
| 650 | 0 | 4 |
_aDerechos Humanos _986593 |
| 773 | 0 |
_gNº 170, 2013, págs. 17-34 _tDocumentación Social _wRev166 _x0417-8106 |
|
| 942 |
_2lcc _cAR |
||
| 999 |
_c499224 _d499224 |
||